000 00731cab a22001935a 4500
001 L138119
008 070517s2007 xxk f 000 0 eng d
035 _a(Sirsi) u138119
041 0 _aeng
100 1 _aPearson, David
245 0 2 _aA practical understanding of the law
_bpart 4
260 _c2007
490 0 _aFacilities Management
_v14(8) May 2007, 20-21(2)
520 _aDiscusses the legal difficulties that may confront facilities managers when purchasing goods and services on their own terms and conditions. Discusses cotracts, tendering, letters of intent and the challenges of legal paperwork.
590 _aKA
651 4 _aEngland and Wales
_y1543-
690 _aMANAGEMENT-FACILITIES MANAGEMENT
942 _n0
999 _c107009
_d107009